Sin parlamento, no hay ya porvenir para los tronos : (Record no. 163847)

MARC details
000 -LEADER
campo de control de longitud fija 01144nam a2200253 i 4500
001 - NÚMERO DE CONTROL
campo de control 163847
003 - IDENTIFICADOR DE NÚMERO DE CONTROL
campo de control ES-MaACL
005 - FECHA Y HORA DE LA ÚLTIMA TRANSACCIÓN
campo de control 20251012063058.0
008 - DATOS DE LONGITUD FIJA--INFORMACIÓN GENERAL
campo de control de longitud fija 010727s1844 sp |||| | spa d
080 ## - NÚMERO DE LA CLASIFICACIÓN DECIMAL UNIVERSAL
Número de la Clasificación Decimal Universal 321.727
080 ## - NÚMERO DE LA CLASIFICACIÓN DECIMAL UNIVERSAL
Número de la Clasificación Decimal Universal 329.21(460)"18"
080 ## - NÚMERO DE LA CLASIFICACIÓN DECIMAL UNIVERSAL
Número de la Clasificación Decimal Universal 32(460)"1833/68"
100 1# - ENTRADA PRINCIPAL--NOMBRE DE PERSONA
Nombre de persona Rodríguez Ferrer, Miguel,
Fechas asociadas al nombre 1815-1889
9 (RLIN) 131928
245 10 - MENCIÓN DEL TÍTULO
Título Sin parlamento, no hay ya porvenir para los tronos :
Resto del título refutación a el folleto titulado Un monárquico a los parlamentarios, por el autor de la carta Un monárquico al Sr. Martínez de la Rosa /
Mención de responsabilidad, etc. por el licenciado D. Miguel Rodríguez-Ferrerr.
260 ## - PUBLICACIÓN, DISTRIBUCIÓN, ETC.
Lugar de publicación, distribución, etc. Vitoria :
Nombre del editor, distribuidor, etc. [s.n.],
Fecha de publicación, distribución, etc. 1844 (
Fabricante Imp. y Litografía de Egaña y Compañía)
300 ## - DESCRIPCIÓN FÍSICA
Extensión 122 p. ;
Dimensiones 20 cm.
530 ## - NOTA DISPONIBLE DE FORMULARIO FÍSICO ADICIONAL
Nota de formato físico adicional disponible Disponible en formato digital.
650 #4 - PUNTO DE ACCESO ADICIONAL DE MATERIA--TÉRMINO DE MATERIA
Término de materia o nombre geográfico como elemento de entrada Monarquía.
9 (RLIN) 15143
650 #4 - PUNTO DE ACCESO ADICIONAL DE MATERIA--TÉRMINO DE MATERIA
Término de materia o nombre geográfico como elemento de entrada Monarquismo-
Subdivisión geográfica España.
9 (RLIN) 161105
651 #7 - PUNTO DE ACCESO ADICIONAL DE MATERIA--NOMBRE GEOGRÁFICO
Nombre geográfico España-
Subdivisión general Política y gobierno-
Subdivisión cronológica 1843-1868
Fuente del encabezamiento o término
9 (RLIN) 168642
852 4# - LOCALIZACIÓN
Ubicación ES-MaACL
Número de control de estantería T-9-F-4
Nota libre - Enc. hol.
-- . - Dedicatoria autógrafa del autor
856 4# - LOCALIZACIÓN Y ACCESO ELECTRÓNICOS
Identificador Uniforme de Recursos <a href="http://bdh-rd.bne.es/viewer.vm?id=0000092293&page=1 ">http://bdh-rd.bne.es/viewer.vm?id=0000092293&page=1 </a>
Nota pública Biblioteca Digital Hispánica
Holdings
Estatus retirado Estado de pérdida Estado de daño No para préstamo Colección Biblioteca de origen Biblioteca actual Ubicación en estantería Fecha de adquisición Total de préstamos Signatura topográfica completa Código de barras Visto por última vez Precio de reemplazo Tipo de ítem Koha
        Colección de folletos Biblioteca del Ateneo de Madrid Biblioteca del Ateneo de Madrid Depósito folletos 17/01/2008   T-9-F-4 1171715 23/02/2023 23/02/2023 Folleto